<?xml version="1.0" encoding="UTF-8"?>
<record
    xmlns:xsi="http://www.w3.org/2001/XMLSchema-instance"
    xsi:schemaLocation="http://www.loc.gov/MARC21/slim http://www.loc.gov/standards/marcxml/schema/MARC21slim.xsd"
    xmlns="http://www.loc.gov/MARC21/slim">

  <leader>00881nam a22002417a 4500</leader>
  <controlfield tag="005">20231116112143.0</controlfield>
  <datafield tag="010" ind1=" " ind2=" ">
    <subfield code="a">ENG-138398</subfield>
  </datafield>
  <datafield tag="020" ind1=" " ind2=" ">
    <subfield code="c">7250.00</subfield>
    <subfield code="a">9789392568404</subfield>
  </datafield>
  <datafield tag="035" ind1=" " ind2=" ">
    <subfield code="a">EN-121930</subfield>
  </datafield>
  <datafield tag="037" ind1=" " ind2=" ">
    <subfield code="b">DBAD</subfield>
  </datafield>
  <datafield tag="082" ind1=" " ind2=" ">
    <subfield code="a">032</subfield>
    <subfield code="2">First</subfield>
  </datafield>
  <datafield tag="100" ind1=" " ind2=" ">
    <subfield code="a">Diwan, H.D</subfield>
    <subfield code="9">58753</subfield>
  </datafield>
  <datafield tag="245" ind1=" " ind2=" ">
    <subfield code="a">Researches in Granites of India Ground Water in Granites:</subfield>
    <subfield code="b">Basic Earth Science Series/</subfield>
    <subfield code="c">By H.D Diwan ...[et.al]</subfield>
    <subfield code="h">English</subfield>
  </datafield>
  <datafield tag="250" ind1=" " ind2=" ">
    <subfield code="a">First</subfield>
  </datafield>
  <datafield tag="260" ind1=" " ind2=" ">
    <subfield code="b">Aditi Publication</subfield>
    <subfield code="c">2023</subfield>
    <subfield code="a">Chhattisgarh</subfield>
  </datafield>
  <datafield tag="270" ind1=" " ind2=" ">
    <subfield code="a">Opp, New Panchajanya Vidya Mandir, Near Tiranga Chowk, Kushalpur, Raipur, </subfield>
    <subfield code="b">Chhattisgarh</subfield>
    <subfield code="k">+919425210308</subfield>
  </datafield>
  <datafield tag="300" ind1=" " ind2=" ">
    <subfield code="a">243,vip.</subfield>
    <subfield code="c">20cm(pbk)</subfield>
  </datafield>
  <datafield tag="500" ind1=" " ind2=" ">
    <subfield code="a">Granitic Region of Upper Mahanadi Catchment, C.G</subfield>
  </datafield>
  <datafield tag="700" ind1=" " ind2=" ">
    <subfield code="a">Gupta, M.P </subfield>
    <subfield code="e">Advisor</subfield>
    <subfield code="9">58749</subfield>
  </datafield>
  <datafield tag="700" ind1=" " ind2=" ">
    <subfield code="a">Kuity, D.P</subfield>
    <subfield code="e">Editor</subfield>
    <subfield code="9">58750</subfield>
  </datafield>
  <datafield tag="700" ind1=" " ind2=" ">
    <subfield code="a">Bhadauria, S.S</subfield>
    <subfield code="e">Editor</subfield>
    <subfield code="9">58751</subfield>
  </datafield>
  <datafield tag="942" ind1=" " ind2=" ">
    <subfield code="2">ddc</subfield>
    <subfield code="c">EN</subfield>
    <subfield code="h">032</subfield>
    <subfield code="m">DIW</subfield>
  </datafield>
  <datafield tag="999" ind1=" " ind2=" ">
    <subfield code="c">199106</subfield>
    <subfield code="d">199106</subfield>
  </datafield>
  <datafield tag="952" ind1=" " ind2=" ">
    <subfield code="0">0</subfield>
    <subfield code="1">0</subfield>
    <subfield code="4">0</subfield>
    <subfield code="7">1</subfield>
    <subfield code="8">REF</subfield>
    <subfield code="a">BN</subfield>
    <subfield code="b">BN</subfield>
    <subfield code="d">2023-11-16</subfield>
    <subfield code="e">DBAD/PUB</subfield>
    <subfield code="g">7250.00</subfield>
    <subfield code="l">0</subfield>
    <subfield code="o">032 DIW</subfield>
    <subfield code="p">EN-121930</subfield>
    <subfield code="r">2023-11-16 00:00:00</subfield>
    <subfield code="t">1</subfield>
    <subfield code="v">7250.00</subfield>
    <subfield code="w">2023-11-16</subfield>
    <subfield code="y">EN</subfield>
  </datafield>
</record>
